La natura del principe /

Guardat en:
Dades bibliogràfiques
Autor principal: Peyrefitte, Roger (Autor)
Altres autors: Villa, Gina
Format: Llibre
Idioma:italià
Publicat: Milano : Longanesi & C., 1964
Col·lecció:La gaja scienza ; 221
Matèries:
Etiquetes: Afegir etiqueta
Sense etiquetes, Sigues el primer a etiquetar aquest registre!

MARC

LEADER 00000nam a22000007i 4500
001 IT\ICCU\SBL\0267993
003 ItRI
005 20250102124802.0
008 910930s1964 it |||||| ||||| |||||c
015 |2 IT  |a 644707 
040 |b ita  |c Arcigay Genova 
041 7 |a ita  |2 ISO-639-2 
082 |a 923  |2 16 
100 1 |a Peyrefitte, Roger  |0 IT\ICCU\CFIV\079761  |4 aut 
240 1 3 |a La nature du prince .  |9 Peyrefitte, Roger 
245 1 3 |a La natura del principe /  |c di Roger Peyrefitte ; traduzione di Gina Villa. 
260 |a Milano :  |b Longanesi & C.,  |c 1964 
300 |a 202 p. ;  |c 19 cm . 
650 7 |a Vincenzo : Gonzaga I <duca di Mantova>  |x Matrimonio con Margherita Farnese  |2 scbi 
700 1 |a Villa, Gina  |0 IT\ICCU\RAVV\023829 
830 3 |a La gaja scienza ;  |v 221  |0 IT\ICCU\RAV\0150584 
942 |2 ddc  |c BK 
952 |0 0  |1 0  |2 ddc  |4 0  |6 843_910000000000000_PEY_NAT  |7 1  |9 2687  |a GE  |b GE  |d 2025-01-02  |l 0  |o 843.91 PEY NAT  |p 1395  |r 2025-01-02 12:49:16  |w 2025-01-02  |x Donazione di Alvaro Bazzano  |y BK  |z Donazione AB 
981 1 |6 z01  |a i   |b xxxe  
982 1 |6 z01  |a n 
999 |c 2322  |d 2322